|
|
|
|
| LEADER |
00000nem0a2200000 4500 |
| 001 |
230454 |
| 005 |
20231101231016.0 |
| 035 |
|
|
|a (RuTPU)RU\TPU\book\251316
|
| 090 |
|
|
|a 230454
|
| 100 |
|
|
|a 20130122d1947 m y0rusy50 ca
|
| 101 |
0 |
|
|a rus
|
| 102 |
|
|
|a RU
|
| 105 |
|
|
|a b j 000zy
|
| 120 |
|
|
|a byyx zzuu
|
| 123 |
2 |
|
|a a
|
| 124 |
|
|
|b d
|
| 200 |
1 |
|
|a Физическая география СССР
|h Ч. II. (Азиатская часть)
|e приложения к учебнику
|f С. П. Суслова
|
| 210 |
|
|
|a Москва
|c Учпедгиз
|d 1947
|
| 215 |
|
|
|a 8 карт.
|
| 317 |
|
|
|5 63413507: КР-315
|a Поступила в НТБ в 2004 г. в составе книжного собрания профессора ТПИ К. В. Радугина.
|
| 606 |
1 |
|
|a Географические карты и атласы
|2 stltpush
|3 (RuTPU)RU\TPU\subj\5898
|9 33883
|
| 610 |
1 |
|
|a география
|
| 610 |
1 |
|
|a физическая география
|
| 610 |
1 |
|
|a Россия
|
| 610 |
1 |
|
|a СССР
|
| 610 |
1 |
|
|a азиатская часть
|
| 610 |
1 |
|
|a физические карты
|
| 610 |
1 |
|
|a Сибирь
|
| 610 |
1 |
|
|a Средняя Азия
|
| 610 |
1 |
|
|a Восточная Сибирь
|
| 610 |
1 |
|
|a Дальний Восток
|
| 610 |
1 |
|
|a Камчатка
|
| 610 |
1 |
|
|a почвенные карты
|
| 610 |
1 |
|
|a карты растительности
|
| 610 |
1 |
|
|a библиотека К. В. Радугина
|
| 675 |
|
|
|a 912
|v 3
|
| 700 |
|
1 |
|a Суслова
|b С. П.
|
| 801 |
|
1 |
|a RU
|b 63413507
|c 20130122
|
| 801 |
|
2 |
|a RU
|b 63413507
|c 20130313
|g RCR
|
| 942 |
|
|
|c MP
|